000 00809nam a2200205Ii 4500
003 JO-AjNU
008 230605s9999||||xx |||||||||||||| ||und||
017 _a2013/11816
040 _aJO-AjNU
_bara
_erda
_cJO-AjNU
041 _aara
050 1 4 _aHG4026.B55 2013
100 3 _aبلعجوز، حسين,
_eauthor
_943961
245 0 0 _aمخاطر صيغ التمويل في البنوك الاسلامية والبنوك الكلاسيكية دراسة مقارنة
264 3 1 _aالاسكندرية: مؤسسة الثقافة الجامعية، 2013
300 _a233ص
_bيحتوي على ببلوغرافية من 228-233ص
336 _atext
_btxt
_2rdacontent
337 _aunmediated
_bn
_2rdamedia
338 _avolume
_bnc
_2rdacarrier
650 4 _aالبنوك الاسلامية -تمةيل
_943962
999 _aA18941
_c22509
_d22509